000 00545nam a2200217 a 4500
999 _c5125
_d5125
001 5125
003 BD-JhCC
005 20171209170524.0
008 171209s1958 n |||| ||a| 001 0 eng d
035 _a(BD-JhCC) 5125
040 _aBD-JhCC
_dBD-JhCC
041 _aeng
082 _a420
_bBRO 1958
100 _aBrook, G.L.
245 _aA History of The English Languge /
_cG.L.Brook
260 _aNewyork :
_bThe Norton Library ,
_c1958
300 _a224 p .:
_c18 cm .
650 _aEnglish Language
942 _2ddc
_cBK